[Event "Soest op"]
[Site "Soest"]
[Date "2001.05.25"]
[Round "1.8"]
[White "Van der Veen, Jelte"]
[Black "De Haan, Eric"]
[Result "0-1"]
[WhiteElo "1498"]
[BlackElo "2264"]
[PlyCount "34"]
[EventDate "2001.05.25"]
[EventType "swiss"]
[EventRounds "7"]
[EventCountry "NED"]
[SourceTitle "EXT 2002"]
[Source "ChessBase"]
[SourceDate "2001.11.25"]
[SourceVersion "1"]
[SourceVersionDate "2001.11.25"]
[SourceQuality "1"]

1. e4 c5 2. Bc4 e6 3. Nf3 a6 4. d4 b5 5. Be2 cxd4 6. Qxd4 Nc6 7. Qe3 Nf6 8. h3 Bb7 9. e5 Nd5 10. Qg5 Qc7 11. c4 bxc4 12. Bxc4 Nd4 13. Nxd4 Qxc4 14. Nb3 Nb4 15. Na3 Nd3+ 16. Kd2 Bb4+ 17. Ke3 Qe4# 0-1